[Event "Saratov Spring Cup"]
[Site "Saratov"]
[Date "2013.03.13"]
[Round "2"]
[White "Guliyev, Hasan Ismayil"]
[Black "Kvitka, Roman"]
[Result "1/2-1/2"]
[WhiteElo "1714"]
[BlackElo "2149"]
[PlyCount "68"]
[EventDate "2013.03.12"]
[EventType "swiss"]
[EventRounds "9"]
[EventCountry "RUS"]
[SourceTitle "CBM 153 Extra"]
[Source "ChessBase"]
[SourceDate "2013.04.22"]
[SourceVersion "1"]
[SourceVersionDate "2013.04.22"]
[SourceQuality "1"]

1. e4 e5 2. Nf3 Nc6 3. Bb5 Nf6 4. d3 Bc5 5. 0-0 d6 6. c3 Bg4 7. h3 Bh5 8. Nbd2 0-0 9. Re1 a6 10. Ba4 b5 11. Bb3 Re8 12. Nf1 Bb6 13. Ng3 Bg6 14. a4 Na5 15. Bc2 c5 16. d4 cxd4 17. cxd4 Qc7 18. Be3 Nc4 19. dxe5 Nxe3 20. fxe3 dxe5 21. axb5 axb5 22. Rxa8 Rxa8 23. Bd3 Qc5 24. Qb3 b4 25. Qc4 Qxc4 26. Bxc4 Ra5 27. Nd2 h6 28. Bb3 Rc5 29. Nf5 Kh7 30. g4 Bc7 31. Kf2 Nd7 32. Ne7 Nb6 33. Nxg6 Kxg6 34. Nf3 Bd8 1/2-1/2

[Event "Saratov Spring Cup"]
[Site "Saratov"]
[Date "2013.03.12"]
[Round "1"]
[White "Guliyev, Hasan Ismayil"]
[Black "Sudnik, Pavel"]
[Result "1-0"]
[WhiteElo "1714"]
[BlackElo "2056"]
[PlyCount "155"]
[EventDate "2013.03.12"]
[EventType "swiss"]
[EventRounds "9"]
[EventCountry "RUS"]
[SourceTitle "CBM 153 Extra"]
[Source "ChessBase"]
[SourceDate "2013.04.22"]
[SourceVersion "1"]
[SourceVersionDate "2013.04.22"]
[SourceQuality "1"]

1. e4 e5 2. Nf3 Nf6 3. d4 Nxe4 4. Bd3 d5 5. Nxe5 Nc6 6. Nxc6 bxc6 7. Qe2 Be6 8. Bxe4 dxe4 9. Qxe4 Bb4+ 10. c3 0-0 11. cxb4 Bc4 12. Be3 Re8 13. Qc2 Qxd4 14. Qc3 Qg4 15. Kd2 Qxg2 16. Re1 Ba6 17. Kc1 Rad8 18. Nd2 Rd3 19. Qc2 f5 20. a4 Qd5 21. Rd1 Rd8 22. Ra3 Rxa3 23. bxa3 Be2 24. Re1 f4 25. Rxe2 fxe3 26. Rxe3 Qh1+ 27. Kb2 Qxh2 28. Qc4+ Kh8 29. Qd4 Rg8 30. Rg3 a5 31. Nf3 Qh5 32. Qe5 Qf7 33. Rh3 Re8 34. Rxh7+ Kg8 35. Qh5 Qf6+ 36. Kb1 g6 37. Rh6 Kg7 38. Rh7+ Kg8 39. Qh3 Re2 40. Rh8+ Qxh8 41. Qc8+ Kg7 42. Qxc7+ Kf8 43. Qd6+ Re7 44. Nd4 Qh1+ 45. Kb2 Kf7 46. Qf4+ Kg7 47. Nc2 axb4 48. Qd4+ Kh7 49. axb4 Rf7 50. a5 Qh2 51. a6 Qc7 52. Qh4+ Kg8 53. Qe4 Rf5 54. Qc4+ Kh7 55. Qh4+ Kg7 56. Qd4+ Kf7 57. Qc4+ Ke7 58. Qh4+ Ke8 59. Qe4+ Kd8 60. Qh4+ Qe7 61. Qd4+ Kc8 62. Qh8+ Qf8 63. Qh7 Qf6+ 64. Kb1 Qf7 65. Qh8+ Qf8 66. Qh7 Rf7 67. Qxg6 Rc7 68. Qg4+ Kb8 69. Qd4 Ka8 70. Qe5 Ra7 71. b5 Re7 72. Qc3 cxb5 73. Qc6+ Ka7 74. Qc5+ Kxa6 75. Nb4+ Kb7 76. Qxb5+ Kc8 77. Qc6+ Rc7 78. Qa8+ 1-0

[Event "Saratov-ch"]
[Site "Saratov"]
[Date "2013.03.04"]
[Round "7"]
[White "Upolovnev, Vladimir"]
[Black "Guliyev, Hasan Ismayil"]
[Result "1/2-1/2"]
[WhiteElo "1894"]
[BlackElo "1714"]
[PlyCount "77"]
[EventDate "2013.02.25"]
[EventType "swiss"]
[EventRounds "9"]
[EventCountry "RUS"]
[SourceTitle "CBM 153 Extra"]
[Source "ChessBase"]
[SourceDate "2013.04.22"]
[SourceVersion "1"]
[SourceVersionDate "2013.04.22"]
[SourceQuality "1"]

1. c4 Nf6 2. Nc3 g6 3. e4 d6 4. d4 Bg7 5. h3 0-0 6. Nf3 c5 7. Be2 cxd4 8. Nxd4 Nc6 9. Be3 Bd7 10. 0-0 Nxd4 11. Bxd4 Bc6 12. Qd3 Nd7 13. Bxg7 Kxg7 14. Nd5 a5 15. b3 Nc5 16. Qe3 Bxd5 17. exd5 Qb6 18. Bf3 Rae8 19. Rad1 f5 20. Rfe1 Qc7 21. Qc3+ Kg8 22. b4 axb4 23. Qxb4 Ra8 24. Re2 Rfe8 25. Rb2 Qa5 26. Rdd2 Qxb4 27. Rxb4 Ra3 28. Be2 Rea8 29. Rbb2 Ne4 30. Rdc2 Nc5 31. g3 Kf7 32. Kg2 Ke8 33. h4 Kd8 34. g4 Kc7 35. gxf5 gxf5 36. f3 f4 37. Rd2 Nd7 38. Bd1 Rg8+ 39. Kf1 1/2-1/2

[Event "Saratov-ch"]
[Site "Saratov"]
[Date "2013.02.25"]
[Round "1"]
[White "Gagarkine, Nikolay"]
[Black "Guliyev, Hasan Ismayil"]
[Result "1-0"]
[WhiteElo "1934"]
[BlackElo "1714"]
[PlyCount "65"]
[EventDate "2013.02.25"]
[EventType "swiss"]
[EventRounds "9"]
[EventCountry "RUS"]
[SourceTitle "CBM 153 Extra"]
[Source "ChessBase"]
[SourceDate "2013.04.22"]
[SourceVersion "1"]
[SourceVersionDate "2013.04.22"]
[SourceQuality "1"]

1. d4 d5 2. Nf3 Nf6 3. g3 Nc6 4. Bg2 Bf5 5. c3 e6 6. 0-0 Bd6 7. Qb3 Na5 8. Qd1 0-0 9. Nh4 Bg6 10. Nxg6 hxg6 11. Nd2 Qd7 12. e4 Nxe4 13. Nxe4 dxe4 14. Bxe4 f5 15. Bg2 f4 16. Qg4 fxg3 17. hxg3 Rf6 18. Bg5 Rf5 19. Be4 Raf8 20. Rae1 Qb5 21. Bxf5 Rxf5 22. Bc1 Kf7 23. b3 Qd7 24. c4 Nc6 25. Qe4 Rh5 26. Kg2 Bb4 27. d5 exd5 28. cxd5 Qh3+ 29. Kf3 Rf5+ 30. Bf4 Qh5+ 31. Kg2 Bxe1 32. Rxe1 Rxd5 33. Qe8+ 1-0

[Event "Saratov Winter Cup"]
[Site "Saratov"]
[Date "2013.01.12"]
[Round "1"]
[White "Izbosarov, Marat"]
[Black "Guliyev, Hasan Ismayil"]
[Result "1-0"]
[WhiteElo "1958"]
[BlackElo "1687"]
[PlyCount "91"]
[EventDate "2013.01.12"]
[EventType "swiss"]
[EventRounds "9"]
[EventCountry "RUS"]
[SourceTitle "CBM 152 Extra"]
[Source "ChessBase"]
[SourceDate "2013.02.25"]
[SourceVersion "1"]
[SourceVersionDate "2013.02.25"]
[SourceQuality "1"]

1. e4 c5 2. Nf3 d6 3. d4 cxd4 4. Nxd4 Nf6 5. Nc3 g6 6. Be3 Bg7 7. f3 0-0 8. Qd2 Nc6 9. g4 Be6 10. Nxe6 fxe6 11. Bc4 d5 12. exd5 Ne5 13. Be2 Nxd5 14. Nxd5 exd5 15. f4 Nc6 16. c3 d4 17. cxd4 Bxd4 18. 0-0-0 Bxe3 19. Qxe3 Qc7 20. Qb3+ Kh8 21. Qc3+ e5 22. Rhf1 Qg7 23. fxe5 Qxe5 24. Rd7 Qxc3+ 25. bxc3 Rxf1+ 26. Bxf1 Ne5 27. Rxb7 Nxg4 28. h3 Ne3 29. Ba6 h5 30. Bd3 Rc8 31. Rxa7 Rxc3+ 32. Kd2 Nd5 33. Ra5 Rxd3+ 34. Kxd3 Nf4+ 35. Ke3 Nxh3 36. Re5 Kg7 37. Kf3 g5 38. Kg3 Kf6 39. Rb5 Nf4 40. a4 Ne2+ 41. Kh2 Nc3 42. Rb6+ Ke5 43. a5 Na4 44. Rb4 Nc5 45. Rb5 Kd6 46. a6 1-0

[Event "Saratov Autumn SSEU 4st stage"]
[Site "Saratov"]
[Date "2012.10.17"]
[Round "4.3"]
[White "Guliyev, Hasan Ismayil"]
[Black "Dmitriev, Igor"]
[Result "0-1"]
[WhiteElo "1860"]
[BlackElo "2340"]
[PlyCount "90"]
[EventDate "2012.10.13"]
[EventType "swiss"]
[EventRounds "5"]
[EventCountry "RUS"]
[SourceTitle "EXT 2022"]
[Source "ChessBase"]
[SourceDate "2021.10.06"]
[SourceVersion "1"]
[SourceVersionDate "2021.10.06"]
[SourceQuality "1"]

1. e4 d6 2. d4 a6 3. Bd3 e5 4. dxe5 dxe5 5. Ne2 Bc5 6. 0-0 Be6 7. Nbc3 Nd7 8. Ng3 Ngf6 9. Nf5 Bxf5 10. exf5 h6 11. Qf3 c6 12. Qg3 Nh5 13. Qf3 Nhf6 14. Qg3 Nh5 15. Qf3 Qh4 16. Qe4 Qxe4 17. Nxe4 0-0 18. Be3 Bxe3 19. fxe3 a5 20. a4 Nhf6 21. Nd6 Nc5 22. Nc4 e4 23. Be2 Nd5 24. c3 Rfd8 25. Rfd1 Kf8 26. Kf2 Ke7 27. Rd4 Kf6 28. Nd2 Kxf5 29. b4 axb4 30. cxb4 Nxb4 31. Rxb4 Rxd2 32. Ke1 Rd5 33. Bc4 Rd7 34. Ke2 Ke5 35. a5 f5 36. g3 g5 37. Rbb1 h5 38. h4 gxh4 39. gxh4 Rg7 40. Rg1 Rxg1 41. Rxg1 Rxa5 42. Rg5 b5 43. Bf7 b4 44. Bxh5 b3 45. Rg1 Ra2+ 0-1